[Event "0pen Est 2012/2013"]
[Site "Aubagne"]
[Date "2013.04.20"]
[Round "8.6"]
[White "Telouk, Olivier"]
[Black "Noireaut, Hoan"]
[Result "0-1"]
[WhiteElo "1199"]
[BlackElo "1546"]
[PlyCount "94"]

1. e4 c5 2. Nf3 d6 3. e5 dxe5 4. Nxe5 a6 5. Bc4 e6 6. Nc3 Qd4 7. Qe2 b5 8. Bd3
Bb7 9. Nf3 Qg4 10. Rg1 Nf6 11. h3 Qf4 12. Qe5 Qxe5+ 13. Nxe5 Bd6 14. f4 c4 15.
Be2 Bc5 16. Rh1 Bxg2 17. Rh2 Bb7 18. d3 Bg1 19. Nf3 Bxh2 20. Nxh2 cxd3 21. Bxd3
O-O 22. Be3 Nc6 23. a3 Nd5 24. Nxd5 exd5 25. O-O-O b4 26. Bc5 Rfe8 27. axb4 a5
28. Bb5 axb4 29. Rxd5 Ra1+ 30. Kd2 Ba6 31. Bd3 Bxd3 32. Rxd3 Rd8 33. Rxd8+ Nxd8
34. Bxb4 Rh1 35. Nf3 Rxh3 36. Nd4 Ne6 37. Nxe6 fxe6 38. Bd6 Kf7 39. b4 Ke8 40.
c4 Kd7 41. c5 Kc6 42. Bf8 g6 43. Kc2 h5 44. Bg7 Rf3 45. Bc3 Rxc3+ 46. Kxc3 h4
47. Kd4 h3 0-1

[Event "0pen Est 2012/2013"]
[Site "Aubagne"]
[Date "2013.04.20"]
[Round "8.7"]
[White "Velut, Pierre-Marie"]
[Black "Le Mauff, Marc"]
[Result "0-1"]
[WhiteElo "1500"]
[BlackElo "1460"]
[PlyCount "95"]

1. d4 Nf6 2. c4 e6 3. Nf3 b6 4. g3 Bb7 5. Bg2 d5 6. b3 Be7 7. O-O O-O 8. Nc3 c5
9. cxd5 Nxd5 10. Nxd5 Qxd5 11. Nh4 Qd7 12. Bxb7 Qxb7 13. Nf3 Rd8 14. Bb2 Qe4
15. Rc1 Bf6 16. e3 Nc6 17. Nd2 Qd5 18. e4 Qd7 19. Nf3 Bxd4 20. Qe2 Bxb2 21.
Qxb2 Qc7 22. a3 a5 23. Qc2 Nd4 24. Nxd4 Rxd4 25. f3 Qd6 26. Rcd1 Rd8 27. Rc1
Rd2 28. Qc4 Qd4+ 29. Qxd4 R8xd4 30. Rc3 Ra2 31. b4 Rdd2 32. Rfc1 Rg2+ 33. Kf1
Rxh2 34. Kg1 axb4 35. axb4 Rag2+ 36. Kf1 Rxg3 37. bxc5 bxc5 38. Rxc5 g6 39. Rc7
Rxf3+ 40. Kg1 Rfh3 41. R1c4 Ra2 42. e5 Re3 43. Rc1 Rxe5 44. Rf1 Rg5+ 45. Kh1
Ra4 46. Rf2 Rh4+ 47. Rh2 Rxh2+ 48. Kxh2 0-1

[Event "0pen Est 2012/2013"]
[Site "Aubagne"]
[Date "2013.04.20"]
[Round "8.9"]
[White "Luc, Rene"]
[Black "Cavanihac, Claude"]
[Result "0-1"]
[WhiteElo "1656"]
[BlackElo "1567"]
[PlyCount "126"]

1. Nf3 f5 2. d4 Nf6 3. c4 e6 4. g3 Be7 5. Bg2 c6 6. O-O O-O 7. b3 d5 8. Ba3
Nbd7 9. Bxe7 Qxe7 10. c5 b5 11. b4 Bb7 12. Nc3 Ne4 13. Qc2 Qf6 14. e3 h6 15.
Nd2 e5 16. f3 Nxd2 17. Qxd2 exd4 18. Qxd4 Rae8 19. Qxf6 Rxf6 20. Rae1 Rfe6 21.
Bh3 g6 22. e4 dxe4 23. fxe4 Nf6 24. Rd1 Nxe4 25. Nxe4 Rxe4 26. a3 Re3 27. Rd7
R8e7 28. Rd8+ Kg7 29. Rfd1 f4 30. R8d7 fxg3 31. Rxe7+ Rxe7 32. hxg3 h5 33. Kf2
g5 34. g4 Bc8 35. Kf3 Rf7+ 36. Kg3 h4+ 37. Kg2 Be6 38. Kh1 Bd5+ 39. Bg2 Rf4 40.
Bxd5 cxd5 41. Rc1 Rxg4 42. Kh2 Rf4 43. c6 Rf8 44. Rc5 a6 45. Rxd5 Kg6 46. Rd6+
Kf5 47. c7 Rc8 48. Rxa6 Rxc7 49. Rb6 Kg4 50. Rxb5 Rc2+ 51. Kg1 h3 52. Rd5 Rc4
53. Rd3 Kh4 54. b5 g4 55. b6 g3 56. Rd1 h2+ 57. Kg2 Rc2+ 58. Kf3 Rb2 59. a4
Rxb6 60. Kg2 Rb2+ 61. Kf3 Ra2 62. Rh1 Kh3 63. Re1 Rxa4 0-1

[Event "0pen Est 2012/2013"]
[Site "Aubagne"]
[Date "2013.04.20"]
[Round "8.11"]
[White "Evanno, Georges"]
[Black "Leadbetter, Peter"]
[Result "0-1"]
[WhiteElo "1320"]
[BlackElo "1570"]
[PlyCount "116"]

1. e4 c5 2. Bc4 Nc6 3. a3 Nf6 4. Nc3 e6 5. d3 Be7 6. Bd2 a6 7. Nf3 Qb6 8. Qc1
Qd8 9. h3 b5 10. Ba2 d6 11. Be3 O-O 12. Ne2 Bb7 13. Nh2 Rc8 14. Ng3 Nb8 15. Qd2
Nbd7 16. O-O Nb6 17. b3 d5 18. e5 Nfd7 19. Nf3 Qc7 20. Bf4 d4 21. Qe2 Nd5 22.
Bd2 Nc3 23. Bxc3 dxc3 24. Rae1 Qa5 25. a4 bxa4 26. bxa4 Qxa4 27. Bb3 Qa5 28.
Ne4 Bxe4 29. Qxe4 Qb4 30. Bc4 Nb8 31. Rb1 Qa5 32. h4 Qd8 33. Qf4 Rc6 34. Rfe1
Qc7 35. Qg4 Rb6 36. Bb3 Nc6 37. Re4 Rb4 38. Rbe1 Na5 39. Ng5 Nxb3 40. Rxb4 cxb4
41. Nxe6 fxe6 42. Qxe6+ Kh8 43. Qxb3 Qc5 44. Re3 Bxh4 45. Qe6 Bxf2+ 46. Kh1
Qxe3 47. Qg4 Qh6+ 48. Qh3 Qxh3+ 49. gxh3 a5 50. e6 a4 51. Kg2 Bc5 52. h4 a3 53.
h5 a2 54. d4 Bxd4 55. e7 Re8 56. Kf3 g6 57. Ke4 Rxe7+ 58. Kxd4 a1=Q 0-1

[Event "0pen Est 2012/2013"]
[Site "Aubagne"]
[Date "2013.04.20"]
[Round "8.12"]
[White "Vicari-Vento, Salvatore"]
[Black "Gamblin, Vincent"]
[Result "1-0"]
[WhiteElo "1566"]
[BlackElo "1510"]
[PlyCount "65"]

1. e4 e5 2. Nf3 d6 3. Bc4 Nf6 4. Nc3 Be7 5. d3 O-O 6. h3 a6 7. a3 Nbd7 8. b4
Nb6 9. Bb3 d5 10. O-O d4 11. Ne2 Qd6 12. Bb2 Be6 13. Bxe6 Qxe6 14. Ng3 h6 15.
c3 Na4 16. Qxa4 dxc3 17. Bxc3 Nd7 18. Qc2 Rac8 19. Qb2 f6 20. Nh4 Kh7 21. Qe2
Qf7 22. Qg4 Bd6 23. Rac1 c5 24. Ngf5 Rc6 25. Nxd6 Rxd6 26. bxc5 Nxc5 27. Bb4
Rfd8 28. Bxc5 Rxd3 29. Rfd1 h5 30. Qe2 Rxd1+ 31. Rxd1 Rxd1+ 32. Qxd1 g6 33. Qd6
1-0

[Event "0pen Est 2012/2013"]
[Site "Aubagne"]
[Date "2013.04.20"]
[Round "8.13"]
[White "Roche, Alain"]
[Black "Cocordano, Claire"]
[Result "1-0"]
[WhiteElo "1436"]
[BlackElo "1536"]
[PlyCount "78"]

1. e4 d6 2. d4 Nf6 3. Bd3 g6 4. h3 Bg7 5. c3 c5 6. d5 c4 7. Qa4+ Bd7 8. Qxc4 a6
9. Qb3 b5 10. Nf3 O-O 11. O-O Qb6 12. Re1 a5 13. Be3 Qb7 14. Qd1 Na6 15. Qd2
Nc5 16. Bxc5 dxc5 17. Qe3 c4 18. Bf1 Rac8 19. Rd1 b4 20. Ne5 Bb5 21. a4 Ba6 22.
Nc6 bxc3 23. Nxc3 Qc7 24. Nb5 Bxb5 25. axb5 e6 26. d6 Qb7 27. Ne7+ Kh8 28. Rxa5
Rcd8 29. Nc6 Ra8 30. Rxa8 Rxa8 31. Bxc4 Nd7 32. Qf3 Kg8 33. h4 Bxb2 34. h5 Ra3
35. Rd3 Ra1+ 36. Kh2 Be5+ 37. g3 Kg7 38. h6+ Kf8 39. Bxe6 Bh8 1-0

[Event "0pen Est 2012/2013"]
[Site "Aubagne"]
[Date "2013.04.20"]
[Round "8.14"]
[White "San-Nicolas, Robert"]
[Black "Cotton, Paul"]
[Result "1-0"]
[WhiteElo "1510"]
[BlackElo "1320"]
[PlyCount "97"]

1. d4 Nf6 2. Nf3 g6 3. Bg5 Bg7 4. c4 d6 5. Nc3 h6 6. Bh4 O-O 7. e4 c5 8. d5 g5
9. Bg3 Qa5 10. Qd2 Nh5 11. Bd3 Nxg3 12. hxg3 Nd7 13. Ng1 e5 14. Nb5 Qb6 15. a4
a5 16. g4 Nf6 17. f3 Qd8 18. Ne2 b6 19. Ng3 Qe7 20. Ke2 Rb8 21. Nc3 Bd7 22. Nd1
Nh7 23. Ne3 Qd8 24. Nef5 Bxf5 25. Nxf5 Bf6 26. Rxh6 Rb7 27. Rah1 Bg7 28. Rxh7
f6 29. Nh6+ Kxh7 30. Nf7+ Kg8 31. Nxd8 Rxd8 32. Rh5 Kf7 33. g3 Rbb8 34. f4 Rh8
35. fxg5 fxg5 36. Qxg5 Bf6 37. Qf5 Ke7 38. Rxh8 Rxh8 39. Qe6+ Kf8 40. Qxf6+ Kg8
41. Qxd6 Rh2+ 42. Ke3 Rxb2 43. Qxe5 Rb4 44. d6 Rxa4 45. d7 Rb4 46. d8=Q+ Kh7
47. Qeg5 b5 48. Qdf6 bxc4 49. Qfg7# 1-0

[Event "0pen Est 2012/2013"]
[Site "Aubagne"]
[Date "2013.04.20"]
[Round "8.16"]
[White "Morata, Serge"]
[Black "Moerenhout, Jean Claude"]
[Result "0-1"]
[WhiteElo "1090"]
[BlackElo "1380"]
[PlyCount "54"]

1. d4 Nf6 2. c4 e5 3. d5 Bc5 4. e3 d6 5. Nc3 a6 6. a4 O-O 7. Nf3 Bg4 8. Be2 Re8
9. e4 Nbd7 10. b3 Bb4 11. Qc2 Nc5 12. Bg5 Ncxe4 13. Qxe4 Bxc3+ 14. Nd2 Bxe2 15.
Rc1 Bxd2+ 16. Kxe2 Bxg5 17. Qb1 Bxc1 18. Rxc1 Ng4 19. h3 Nh6 20. g3 e4 21. Rc3
Nf5 22. Qd1 Qf6 23. Rc1 e3 24. c5 exf2+ 25. Kxf2 Ne3+ 26. Qf3 Qb2+ 27. Qe2 Qxc1
0-1

[Event "0pen Est 2012/2013"]
[Site "Aubagne"]
[Date "2013.04.20"]
[Round "8.17"]
[White "Batalov, Azat"]
[Black "Plancq, Jacques"]
[Result "1-0"]
[WhiteElo "1499"]
[BlackElo "1340"]
[PlyCount "73"]

1. c4 c5 2. Nc3 Nf6 3. e4 g6 4. g3 d6 5. Bg2 Nc6 6. h3 Be6 7. d3 Qa5 8. Bd2 Qb6
9. Rb1 Bg7 10. Nge2 Nb4 11. Be3 Nd7 12. f4 f5 13. O-O Qc7 14. a3 Nc6 15. exf5
Bxf5 16. g4 Be6 17. Ng3 Nf6 18. f5 gxf5 19. Nxf5 Bxf5 20. Rxf5 O-O-O 21. Qf3
Ne5 22. Qe2 e6 23. Rf2 h5 24. g5 Nh7 25. b4 Nd7 26. Nb5 Qb6 27. bxc5 dxc5 28.
Rff1 a6 29. Nc3 Qc7 30. Bxb7+ Qxb7 31. Rxb7 Kxb7 32. Rb1+ Kc6 33. Qf3+ Kc7 34.
Rb7+ Kd6 35. Ne4+ Ke7 36. Bxc5+ Ke8 37. Nd6+ 1-0

[Event "0pen Est 2012/2013"]
[Site "Aubagne"]
[Date "2013.04.20"]
[Round "8.18"]
[White "Gamblin, Antoine"]
[Black "Brongers, Claudine"]
[Result "1-0"]
[WhiteElo "1287"]
[BlackElo "1320"]
[PlyCount "56"]

1. d4 d5 2. c4 e6 3. e3 Ne7 4. Nf3 Ng6 5. cxd5 Qxd5 6. Nc3 Qa5 7. Bd2 Bd7 8.
Bd3 Be7 9. Bxg6 hxg6 10. Ne5 Bc8 11. Qf3 O-O 12. h4 f6 13. Nxg6 Rf7 14. h5 Kh7
15. e4 Nc6 16. Nxe7 Nxe7 17. h6 g6 18. Nd5 Qb5 19. Nxe7 Bd7 20. Nxg6 Qxb2 21.
Qc3 Qxc3 22. Bxc3 Kxg6 23. Kd2 Rh7 24. d5 e5 25. g3 Bg4 26. Ke3 b6 27. f4 exf4+
28. gxf4 Re8 1-0

[Event "0pen Est 2012/2013"]
[Site "Aubagne"]
[Date "2013.04.20"]
[Round "8.19"]
[White "Kallenberg, Hardi"]
[Black "Gomez, Jean-Luc"]
[Result "1/2-1/2"]
[WhiteElo "1480"]
[BlackElo "1690"]
[PlyCount "72"]

1. e4 c5 2. Nf3 Nc6 3. d4 cxd4 4. Nxd4 Nf6 5. Nc3 e6 6. Be2 Bb4 7. Nxc6 bxc6 8.
Qd3 Bxc3+ 9. bxc3 d5 10. e5 Nd7 11. f4 Qh4+ 12. Qg3 Qxg3+ 13. hxg3 Nc5 14. Bd3
g6 15. Ba3 Nd7 16. Bd6 a5 17. Rb1 Ba6 18. Kd2 Bxd3 19. cxd3 h5 20. g4 f6 21.
exf6 Nxf6 22. Be5 O-O 23. Bxf6 Rxf6 24. gxh5 gxh5 25. Rxh5 Rxf4 26. Rb7 Rf2+
27. Ke3 Rxg2 28. Rbh7 Rf8 29. a4 Rg3+ 30. Kd4 Rg4+ 31. Kc5 Rxa4 32. Kd6 Ra3 33.
Kxe6 Rxc3 34. Rh8+ Kg7 35. R5h7+ Kg6 36. Rh6+ Kg7 1/2-1/2

[Event "0pen Est 2012/2013"]
[Site "Aubagne"]
[Date "2013.04.20"]
[Round "8.20"]
[White "Alquier, Matthieu"]
[Black "Veith, Irene"]
[Result "1-0"]
[WhiteElo "1599"]
[BlackElo "1420"]
[PlyCount "61"]

1. d4 d5 2. Nf3 c6 3. Bf4 h6 4. e3 Bg4 5. Bd3 Nd7 6. Nbd2 Ngf6 7. c3 Nh5 8. O-O
Nxf4 9. exf4 e6 10. Re1 Bd6 11. f5 O-O 12. h3 Bxf5 13. Bxf5 exf5 14. Qb3 Rb8
15. Ne5 Nf6 16. f4 Nh5 17. Qc2 g6 18. Rf1 Qe7 19. Rf3 Rbd8 20. g4 Ng7 21. gxf5
Nxf5 22. Nf1 Qe6 23. Ne3 Kh8 24. Nxf5 gxf5 25. Qg2 Rg8 26. Rg3 Qe8 27. Kf2 c5
28. Rg1 Qf8 29. Qxd5 cxd4 30. Nxf7+ Kh7 31. Qxf5+ 1-0

[Event "0pen Est 2012/2013"]
[Site "Aubagne"]
[Date "2013.04.20"]
[Round "8.23"]
[White "Lang, Michel"]
[Black "Strate, Francois"]
[Result "1-0"]
[WhiteElo "1440"]
[BlackElo "1383"]
[PlyCount "71"]

1. d4 Nf6 2. Nf3 d5 3. Nc3 e6 4. Bf4 c6 5. e3 Nbd7 6. Be2 Be7 7. h3 a6 8. g4 h6
9. Ne5 c5 10. g5 hxg5 11. Bxg5 Nxe5 12. dxe5 Nd7 13. Bxe7 Qxe7 14. f4 Nb6 15.
Kd2 Bd7 16. Qe1 Bc6 17. Rh2 O-O-O 18. Rd1 c4 19. Kc1 Qc5 20. Bg4 Kb8 21. Rhd2
a5 22. f5 exf5 23. Bxf5 Rh5 24. e4 d4 25. Qe2 Rhh8 26. Qh2 Ka7 27. Nb1 g6 28.
Bg4 Bxe4 29. Qf4 f5 30. exf6 Bf5 31. Rxd4 Rxd4 32. Rxd4 Re8 33. Nc3 Bxg4 34.
Qxg4 Re1+ 35. Rd1 Qd6 36. Nb5+ 1-0

[Event "0pen Est 2012/2013"]
[Site "Aubagne"]
[Date "2013.04.20"]
[Round "8.25"]
[White "Rouault, Alexandre"]
[Black "Danthier, Christophe"]
[Result "1-0"]
[WhiteElo "1199"]
[BlackElo "1499"]
[PlyCount "81"]

1. d4 d5 2. Bf4 e6 3. Nf3 Bb4+ 4. Nc3 Bxc3+ 5. bxc3 Ne7 6. e3 Na6 7. Bd3 c5 8.
Rb1 b6 9. Bb5+ Kf8 10. Ne5 cxd4 11. cxd4 Nc7 12. Qh5 g6 13. Qh6+ Kg8 14. Nc6
Qf8 15. Nxe7+ Qxe7 16. Be5 f6 17. Bxc7 Qxc7 18. Bd3 Qc3+ 19. Ke2 e5 20. Rb3 Qc7
21. f3 exd4 22. exd4 Qe7+ 23. Qe3 Qxe3+ 24. Kxe3 a5 25. Rxb6 f5 26. Re1 Kg7 27.
Kf2 a4 28. Rd6 f4 29. Rxd5 Ba6 30. Bxa6 Rxa6 31. Rde5 Rc6 32. R1e2 Rhc8 33. Ra5
Rc4 34. d5 Rxc2 35. Rxa4 Rxe2+ 36. Kxe2 Rc2+ 37. Kd3 Rxg2 38. d6 Kf6 39. d7 Ke7
40. Rd4 Rxa2 41. d8=Q+ 1-0

[Event "0pen Est 2012/2013"]
[Site "Aubagne"]
[Date "2013.04.20"]
[Round "8.26"]
[White "Akli, Robert"]
[Black "Pegon, Claude"]
[Result "0-1"]
[WhiteElo "1510"]
[BlackElo "1190"]
[PlyCount "69"]

1. d4 g6 2. f4 Nf6 3. e3 Bg7 4. Nf3 O-O 5. Bd3 d6 6. Nbd2 c5 7. c3 Bd7 8. O-O
Nc6 9. h3 Rb8 10. a3 b5 11. Qe1 b4 12. Nb1 Na5 13. Bc2 b3 14. Bd3 Bb5 15. Be2
Bxe2 16. Qxe2 Ne4 17. Kh2 cxd4 18. exd4 d5 19. Ng5 f5 20. Ne6 Qd6 21. Nxf8 Rxf8
22. Be3 Nc4 23. Re1 g5 24. Rf1 g4 25. Rh1 Bh6 26. hxg4 Bxf4+ 27. Bxf4 Qxf4+ 28.
Kg1 fxg4 29. Rh4 Qf2+ 30. Qxf2 Nxf2 31. Rh5 e6 32. a4 a5 33. Na3 Nxb2 34. Rf1
g3 35. Rg5+ 0-1

[Event "0pen Est 2012/2013"]
[Site "Aubagne"]
[Date "2013.04.20"]
[Round "8.27"]
[White "Pietrac, Christian"]
[Black "Turpin, Isabelle"]
[Result "0-1"]
[WhiteElo "1499"]
[BlackElo "1070"]
[PlyCount "68"]

1. b3 c5 2. Bb2 Nf6 3. Nc3 d5 4. e3 d4 5. Na4 Ne4 6. Bd3 Qd5 7. f3 Ng5 8. Ne2
e5 9. e4 Qe6 10. Ng3 Bd7 11. h4 b5 12. Nc3 c4 13. Be2 Qb6 14. Nd5 Nxf3+ 15.
Bxf3 Qc6 16. Bg4 Na6 17. Qf3 f6 18. O-O-O Nc5 19. h5 Nd3+ 20. Kb1 Nxb2 21. Kxb2
Ba3+ 22. Kxa3 Qc5+ 23. Nb4 a5 24. Bxd7+ Kxd7 25. Kb2 axb4 26. Qg4+ Kc6 27. Qxg7
c3+ 28. Kb1 d3 29. Qxf6+ Kb7 30. dxc3 dxc2+ 31. Kxc2 Qxc3+ 32. Kb1 Rhc8 33.
Rd7+ Rc7 34. Rc1 Qxc1# 0-1

[Event "0pen Est 2012/2013"]
[Site "Aubagne"]
[Date "2013.04.20"]
[Round "8.28"]
[White "Catanese, Sauveur"]
[Black "Garbe, Georges"]
[Result "0-1"]
[WhiteElo "1170"]
[BlackElo "1300"]
[PlyCount "94"]

1. d4 d6 2. c4 e5 3. dxe5 dxe5 4. Qxd8+ Kxd8 5. Nc3 c6 6. e4 Be6 7. Nf3 f6 8.
b4 Ke8 9. a3 b6 10. Be2 Nd7 11. O-O Rd8 12. Rd1 Be7 13. a4 Bxb4 14. Rb1 Bxc3
15. Rd3 Ba5 16. Rd6 Ke7 17. Ba3 c5 18. Rbd1 Nh6 19. h3 Nf7 20. R6d3 Bxc4 21.
Re3 Nd6 22. Nd2 Be6 23. Rd3 Nc4 24. Nxc4 Bxc4 25. Re3 Be6 26. Bb5 Nb8 27. Rdd3
Rxd3 28. Rxd3 Rd8 29. Rxd8 Kxd8 30. f3 Bb4 31. Bb2 Bd2 32. Kf1 Kc7 33. Ke2 Bb4
34. Kd3 Nc6 35. Kc2 Nd4+ 36. Bxd4 exd4 37. Be2 Kd6 38. f4 Bd7 39. Kd3 Bxa4 40.
Bf3 a5 41. g4 Bb3 42. e5+ fxe5 43. fxe5+ Kxe5 44. Be4 h6 45. Bg6 a4 46. g5 hxg5
47. Be4 a3 0-1

[Event "0pen Est 2012/2013"]
[Site "Aubagne"]
[Date "2013.04.20"]
[Round "8.30"]
[White "Rieu, Jean"]
[Black "Bessard, Serge"]
[Result "1-0"]
[WhiteElo "1420"]
[BlackElo "1420"]
[PlyCount "69"]

1. Nf3 Nf6 2. Nc3 d6 3. d3 g6 4. e4 e5 5. Be2 Bg7 6. O-O O-O 7. Bg5 Be6 8. Qd2
Qd7 9. Bh6 Ng4 10. Bxg7 Kxg7 11. h3 Nh6 12. Ng5 Nc6 13. Nxe6+ Qxe6 14. Nd5 Rac8
15. Qd1 Nd4 16. Bg4 Nxg4 17. hxg4 g5 18. c3 c6 19. Ne3 Nb5 20. Qf3 f6 21. Nf5+
Kg6 22. Qh3 Qxf5 23. gxf5+ Kg7 24. Rae1 Rh8 25. Re3 h6 26. Qh5 Rh7 27. Qg6+ Kh8
28. Rh3 Rg8 29. Qxf6+ Rgg7 30. Re1 Nc7 31. Rxh6 Rxh6 32. Qxh6+ Rh7 33. Qxg5 Rg7
34. Qd8+ Kh7 35. Re3 1-0

[Event "0pen Est 2012/2013"]
[Site "Aubagne"]
[Date "2013.04.20"]
[Round "8.31"]
[White "Tosato, Tony"]
[Black "Pala, Gerard"]
[Result "1-0"]
[WhiteElo "1030"]
[BlackElo "1380"]
[PlyCount "107"]

1. d4 d5 2. c4 c6 3. Nf3 Nf6 4. g3 Bg4 5. Bg2 dxc4 6. Qa4 b5 7. Qb4 e6 8. Qc3
a5 9. a3 Bd6 10. O-O Ne4 11. Qe3 Nf6 12. Rd1 O-O 13. a4 Na6 14. axb5 cxb5 15.
Ne5 Rc8 16. Nxg4 Nxg4 17. Qe4 Nf6 18. Qb7 Nc7 19. Rxa5 Rb8 20. Qa7 Nfd5 21.
Bxd5 exd5 22. Nc3 Re8 23. Re1 Re7 24. e4 Ne6 25. Qa6 Nxd4 26. Nxd5 Nf3+ 27. Kf1
Nxh2+ 28. Kg2 Ng4 29. Nxe7+ Bxe7 30. Rxb5 Ra8 31. Qb6 Qxb6 32. Rxb6 Bc5 33. Rc6
Bxf2 34. Rd1 Ba7 35. Rcd6 h6 36. Rd8+ Rxd8 37. Rxd8+ Kh7 38. Rc8 Ne5 39. Bf4
Nd3 40. Rxc4 Nxb2 41. Rc7 Bd4 42. Rxf7 Nc4 43. Re7 Bf6 44. Re8 g5 45. e5 gxf4
46. exf6 Nd6 47. Re6 Nf7 48. gxf4 Kg8 49. Re8+ Kh7 50. f5 h5 51. Rf8 Nd6 52.
Rd8 Nxf5 53. f7 Ne3+ 54. Kh3 1-0

[Event "0pen Est 2012/2013"]
[Site "Aubagne"]
[Date "2013.04.20"]
[Round "8.32"]
[White "Jacquemard, Jean"]
[Black "Escaillon, Gilbert"]
[Result "1-0"]
[WhiteElo "1310"]
[BlackElo "1190"]
[PlyCount "129"]

1. e4 e5 2. Nf3 Nc6 3. Bc4 Nf6 4. d3 Bc5 5. O-O O-O 6. Nc3 d6 7. h3 a6 8. a3 b5
9. Bb3 h6 10. Nd5 Nh5 11. Re1 Ng3 12. Be3 Nd4 13. fxg3 Nxb3 14. cxb3 Be6 15.
Bxc5 dxc5 16. Nxe5 Qd6 17. d4 Bxd5 18. Qc2 Be6 19. Nf3 cxd4 20. Red1 c5 21. Kh2
Rac8 22. e5 Qd7 23. Qd3 c4 24. bxc4 bxc4 25. Qxd4 Qc7 26. Rac1 Rfd8 27. Qe3
Rxd1 28. Rxd1 Kh7 29. Rc1 Qc5 30. Qxc5 Rxc5 31. a4 Ra5 32. Nd4 Bd5 33. Re1 Rxa4
34. e6 fxe6 35. Nxe6 Rb4 36. Nf4 Bc6 37. g4 Rxb2 38. Re5 c3 39. Rc5 c2 40. Rxc6
a5 41. h4 a4 42. Nd3 Ra2 43. Nb4 Rb2 44. Nxc2 Kg8 45. Rc8+ Kf7 46. Rc7+ Ke6 47.
Nd4+ Kd6 48. Rxg7 a3 49. Rg6+ Kd5 50. Ra6 a2 51. Nb3 Kc4 52. Na1 Kb5 53. Rxh6
Kc4 54. Rc6+ Kd3 55. Kg3 Kd4 56. Kf3 Kd5 57. Rc2 Rxc2 58. Nxc2 Kc4 59. Ke2 Kc3
60. Kd1 Kd3 61. Na1 Ke4 62. g3 Kf3 63. h5 Kxg4 64. h6 Kxg3 65. h7 1-0

[Event "0pen Est 2012/2013"]
[Site "Aubagne"]
[Date "2013.04.20"]
[Round "8.33"]
[White "Masson, Wally"]
[Black "Gousseau, Michel"]
[Result "1-0"]
[WhiteElo "1270"]
[BlackElo "1150"]
[PlyCount "65"]

1. c4 c5 2. d3 d6 3. Bd2 g6 4. b4 Bg7 5. Bc3 Nf6 6. a3 O-O 7. Qb3 Re8 8. g3 e5
9. Bg2 e4 10. Bxf6 Qxf6 11. Nc3 exd3 12. Rc1 Bh6 13. Rd1 Bf5 14. Bxb7 d2+ 15.
Kf1 Bd3 16. exd3 Nd7 17. Bxa8 Rxa8 18. f4 Re8 19. Rxd2 Bxf4 20. gxf4 Qxf4+ 21.
Rf2 Qe5 22. Ne4 f5 23. Nf3 Qf4 24. Ned2 Nf6 25. h3 Nh5 26. Rg1 Ng3+ 27. Kg2 Ne2
28. Re1 Qg3+ 29. Kh1 Qxh3+ 30. Rh2 Ng3+ 31. Kg1 Rxe1+ 32. Nxe1 Qf1+ 33. Nxf1
1-0

[Event "0pen Est 2012/2013"]
[Site "Aubagne"]
[Date "2013.04.20"]
[Round "8.34"]
[White "Gianfranceschi, Gerard"]
[Black "Lognos, Lina"]
[Result "0-1"]
[WhiteElo "1010"]
[BlackElo "1187"]
[PlyCount "64"]

1. d4 Nf6 2. Nc3 g6 3. e4 d6 4. Nf3 Bg7 5. e5 dxe5 6. Nxe5 O-O 7. Be2 a6 8. O-O
b5 9. b4 Nbd7 10. Bf3 Rb8 11. Nc6 Qe8 12. Nxb8 Nxb8 13. a4 c6 14. Bf4 Bd7 15.
Re1 Nh5 16. Be5 Nf6 17. g4 h6 18. d5 Qc8 19. d6 Nxg4 20. Re2 Nxe5 21. Rxe5 Bxe5
22. Qd3 Bxc3 23. Qxc3 exd6 24. axb5 Re8 25. Qc4 Be6 26. Qh4 Kg7 27. Qg3 cxb5
28. Qxd6 Qc3 29. Re1 Qxe1+ 30. Kg2 Qc3 31. Bd5 Bxd5+ 32. Kf1 Qe1# 0-1

[Event "0pen Est 2012/2013"]
[Site "Aubagne"]
[Date "2013.04.19"]
[Round "8.35"]
[White "Periale, Francine"]
[Black "Chouard, Hugo"]
[Result "1-0"]
[WhiteElo "1100"]
[BlackElo "1199"]
[PlyCount "109"]

1. d4 d5 2. Nf3 Nf6 3. e3 Bf5 4. Be2 e6 5. Nbd2 Bd6 6. O-O O-O 7. c3 Nc6 8. Nh4
Nh5 9. Nxf5 exf5 10. Bxh5 g6 11. Be2 Qe8 12. Nf3 Qe7 13. Bd3 a6 14. Re1 Rad8
15. Qc2 Na7 16. b3 Rfe8 17. c4 c6 18. Bd2 Qc7 19. g3 Nc8 20. c5 Be7 21. b4 Na7
22. a4 Bf6 23. Bc3 Qc8 24. Re2 g5 25. Bxf5 Qc7 26. Bxh7+ Kh8 27. Kg2 g4 28. Qf5
gxf3+ 29. Qxf3 Kxh7 30. Qf5+ Kg7 31. Qg4+ Kf8 32. h4 Nc8 33. h5 Re4 34. f4 Ne7
35. Rh1 Nc8 36. h6 Ke7 37. h7 Qb8 38. Rh6 Na7 39. Rxf6 Kxf6 40. Qh4+ Kf5 41.
Qh5+ Ke6 42. f5+ Kf6 43. Bd2 Ree8 44. Rf2 Nc8 45. Qh6+ Ke7 46. f6+ Ke6 47. Re2
b6 48. Rf2 bxc5 49. Qh3+ Kd6 50. bxc5+ Kc7 51. Ba5+ Kb7 52. Rb2+ Ka7 53. Rxb8
Kxb8 54. Bxd8 Rxd8 55. h8=Q 1-0

[Event "0pen Est 2012/2013"]
[Site "Aubagne"]
[Date "2013.04.20"]
[Round "8.36"]
[White "Graccione, Angele"]
[Black "Roux, Jean-Marie"]
[Result "0-1"]
[WhiteElo "1499"]
[BlackElo "1316"]
[PlyCount "92"]

1. e4 e5 2. Nf3 Nc6 3. Nc3 Nf6 4. Bb5 Bc5 5. Qe2 d6 6. d3 O-O 7. Bd2 Bg4 8. a3
Nd4 9. Qd1 Nxf3+ 10. gxf3 Bh5 11. Na4 Bb6 12. Bg5 Qe7 13. Qd2 Bxf3 14. Rg1 g6
15. h4 Qe6 16. Rg3 Bh5 17. f3 c6 18. Bc4 d5 19. Bb3 Nd7 20. O-O-O Rfc8 21. Rdg1
Bxg1 22. Rxg1 Bxf3 23. h5 Bxh5 24. Nc3 Nc5 25. Ba2 a5 26. exd5 cxd5 27. Bxd5
Qd6 28. Rf1 Rf8 29. Rf6 Qc7 30. Qe3 Rac8 31. Bh6 Rfd8 32. Bh1 Ne6 33. Kb1 Rb8
34. Nd5 Qd6 35. Nc3 b5 36. Ne4 Qc7 37. Rf1 f5 38. Ng3 Bg4 39. Nh5 Bxh5 40. Qxe5
b4 41. Ka2 bxa3 42. Kb1 Rxb2+ 43. Ka1 Rxc2 44. d4 Rxd4 45. Kb1 Qb6+ 46. Kxc2
Qb2# 0-1

[Event "0pen Est 2012/2013"]
[Site "Aubagne"]
[Date "2013.05.04"]
[Round "9.3"]
[White "Massardo, Quentin"]
[Black "Salvi, Michel"]
[Result "1-0"]
[WhiteElo "1736"]
[BlackElo "1555"]
[PlyCount "57"]

1. d4 Nf6 2. c4 e6 3. Nf3 b6 4. g3 Bb7 5. Bg2 d5 6. O-O c5 7. Ne5 cxd4 8. cxd5
exd5 9. Qxd4 Be7 10. Qa4+ Nfd7 11. Nc3 O-O 12. Nxd7 Nxd7 13. Nxd5 Bxd5 14. Bxd5
Bf6 15. Bxa8 Nc5 16. Qxa7 Re8 17. Bf3 Bd4 18. Bf4 Ne6 19. e3 Nxf4 20. exd4 Nh3+
21. Kg2 Ng5 22. Bc6 Qc8 23. Bxe8 Qh3+ 24. Kh1 Qf5 25. Bc6 h5 26. Rae1 h4 27.
Qa8+ Kh7 28. Be4 Nxe4 29. Qxe4 1-0

[Event "0pen Est 2012/2013"]
[Site "Aubagne"]
[Date "2013.05.05"]
[Round "9.4"]
[White "Gallo, Nicolas"]
[Black "Ganier, Philippe"]
[Result "0-1"]
[WhiteElo "1499"]
[BlackElo "1490"]
[PlyCount "132"]

1. e4 e6 2. d4 c5 3. Nf3 b6 4. d5 exd5 5. Qxd5 Nc6 6. Ne5 Qf6 7. Bc4 Nxe5 8.
Qxa8 Ne7 9. Ba6 Qc6 10. Bb7 Qxb7 11. Qxb7 Bxb7 12. Nc3 g6 13. Nb5 N7c6 14. Bg5
Be7 15. Bxe7 Kxe7 16. f4 Nc4 17. O-O-O a6 18. Nc3 Rd8 19. Rhe1 Kf8 20. b3 Na3
21. Kb2 Nb5 22. Nd5 Ncd4 23. Nxb6 Bc6 24. c3 Ne6 25. f5 Ng5 26. a4 Nc7 27. e5
gxf5 28. Rd6 Nce6 29. g3 h5 30. Nc4 Ne4 31. Rdd1 Kg7 32. Rf1 Kg6 33. Ne3 Ng7
34. Nd5 Re8 35. Nf4+ Kh6 36. Nd3 Re6 37. Nxc5 Nxc5 38. h3 Rxe5 39. g4 hxg4 40.
hxg4 Kg6 41. Rd6+ Nce6 42. gxf5+ Nxf5 43. Rd2 Kf6 44. c4 Ke7 45. Rdf2 Ned4 46.
Kc3 Re3+ 47. Kd2 Rxb3 48. Rxf5 Nxf5 49. Rxf5 Bxa4 50. Ra5 Bc6 51. Rxa6 f5 52.
Ra1 f4 53. Rc1 f3 54. Re1+ Kd6 55. Kc2 f2 56. Rd1+ Ke5 57. Kxb3 Kf4 58. Kc3 Ke3
59. c5 Ke2 60. Rc1 f1=Q 61. Rxf1 Kxf1 62. Kd4 Ke2 63. Kc3 Ke3 64. Kc4 Ke4 65.
Kc3 Kd5 66. Kb4 Kd4 0-1

[Event "0pen Est 2012/2013"]
[Site "Aubagne"]
[Date "2013.05.04"]
[Round "9.5"]
[White "Le Mauff, Marc"]
[Black "Gamblin, Thibaut"]
[Result "0-1"]
[WhiteElo "1460"]
[BlackElo "1480"]
[PlyCount "74"]

1. d4 d5 2. Nf3 Bf5 3. c4 e6 4. Nc3 Nf6 5. Qb3 b6 6. e3 dxc4 7. Bxc4 Bd6 8. O-O
O-O 9. Re1 Ne4 10. Nxe4 Bxe4 11. Be2 Nc6 12. Bd2 a5 13. a3 Ne7 14. Ng5 Bd5 15.
Qd3 Ng6 16. e4 Bb7 17. Bg4 Bf4 18. Nf3 Qd6 19. g3 Bxd2 20. Qxd2 c5 21. dxc5
Qxc5 22. Rac1 Qb5 23. Nd4 Qa4 24. Bd1 Qd7 25. Nf3 Qxd2 26. Nxd2 Rac8 27. Bb3
Ne5 28. Rxc8 Rxc8 29. Re3 Ba6 30. Rc3 Nd3 31. Rxc8+ Bxc8 32. Nc4 b5 33. Nxa5
Nxb2 34. Ba2 Bd7 35. Kf1 Na4 36. Nb7 Nc3 37. Nc5 Bc6 0-1

[Event "0pen Est 2012/2013"]
[Site "Aubagne"]
[Date "2013.05.04"]
[Round "9.6"]
[White "Cavanihac, Claude"]
[Black "Gomez, Guy"]
[Result "1/2-1/2"]
[WhiteElo "1567"]
[BlackElo "1642"]
[PlyCount "90"]

1. d4 d5 2. c4 c6 3. Nc3 Nf6 4. cxd5 cxd5 5. Bg5 e6 6. e3 Be7 7. Bd3 Nc6 8. f4
O-O 9. Nf3 Nb4 10. Bb1 Nd7 11. Bxe7 Qxe7 12. O-O a6 13. a3 Nc6 14. Qd3 f5 15.
g4 h6 16. gxf5 exf5 17. Nxd5 Qd8 18. Nc3 Nf6 19. d5 Ne7 20. Ba2 Qd6 21. Rad1
Rd8 22. Ne5 b5 23. Nc6 Rd7 24. Ne5 Rd8 25. b4 Bb7 26. Nc6 Rd7 27. e4 fxe4 28.
Nxe4 Nxe4 29. Qxe4 Kh8 30. Ne5 Qb6+ 31. Kh1 Qe6 32. dxe6 Bxe4+ 33. Kg1 Rxd1 34.
Rxd1 Ng6 35. Nf7+ Kh7 36. Re1 Bc6 37. f5 Ne7 38. Bb1 Kg8 39. Re3 Be8 40. Ne5
Rd8 41. Rd3 Rc8 42. Rf3 Bh5 43. Rf2 Nd5 44. Rc2 Rxc2 45. Bxc2 Ne7 1/2-1/2